Catálogo
 En Linea

Drifting home / (Registro nro. 17646)

Detalles MARC
000 -CABECERA
campo de control de longitud fija 00685cam a2200217 a 4500
001 - NÚMERO DE CONTROL
campo de control 000018125
005 - FECHA Y HORA DE LA ÚLTIMA TRANSACCIÓN
campo de control 20200929165350.0
008 - DATOS DE LONGITUD FIJA--INFORMACIÓN GENERAL
campo de control de longitud fija 741009s1973 oncc 000 0 eng d
020 ## - NÚMERO INTERNACIONAL ESTÁNDAR DEL LIBRO
Número Internacional Estándar del Libro 0771011954
040 ## - FUENTE DE LA CATALOGACIÓN
Centro catalogador/agencia de origen DO-SdBNP
Lengua de catalogación eng
Centro/agencia transcriptor LC
Centro/agencia modificador BNPHU
050 00 - SIGNATURA TOPOGRÁFICA DE LA BIBLIOTECA DEL CONGRESO
Número de clasificación F1095.Y9
Número de documento/Ítem B47 1973
082 ## - NÚMERO DE LA CLASIFICACIÓN DECIMAL DEWEY
Número de clasificación nn*
Número de documento/Ítem B547d
049 ## - FONDOS LOCALES (OCLC)
Fondos de biblioteca BNGR
100 1# - ENTRADA PRINCIPAL--NOMBRE DE PERSONA
Nombre de persona Berton, Pierre,
Fechas asociadas al nombre 1920-2004.
9 (RLIN) 39273
245 10 - MENCIÓN DE TÍTULO
Título Drifting home /
Mención de responsabilidad, etc. Pierre Berton.
260 ## - PUBLICACIÓN, DISTRIBUCIÓN, ETC.
Lugar de publicación, distribución, etc. [Toronto] :
Nombre del editor, distribuidor, etc. McClelland and Stewart Limited,
Fecha de publicación, distribución, etc. 1973.
300 ## - DESCRIPCIÓN FÍSICA
Extensión 174, [24] p. :
Otras características físicas retrs. ;
Dimensiones 21 cm.
651 #0 - PUNTO DE ACCESO ADICIONAL DE MATERIA--NOMBRE GEOGRÁFICO
Nombre geográfico Yukon River
Subdivisión general Description And Travel.
9 (RLIN) 39274
650 #0 - PUNTO DE ACCESO ADICIONAL DE MATERIA--TÉRMINO DE MATERIA
Término de materia o nombre geográfico como elemento de entrada Rafting (sports)
Subdivisión geográfica Yukon River.
9 (RLIN) 39275
910 ## - DATOS DE OPCIÓN DEL USUARIO (OCLC)
Datos de opción del usuario Catalogación por copia / LC
Existencias
Estado de retiro Estado de pérdida Restricciones de uso No para préstamo Código de colección Localización permanente Ubicación/localización actual Ubicación en estantería Fecha de adquisición Número de inventario Total de préstamos Signatura topográfica completa Código de barras Fecha visto por última vez Precio válido a partir de Tipo de ítem Koha
        Monografías: Libros y Folletos General General En catalogación 15.04.2010 LF1   nn* B547d 18125-10 25.06.2020 25.06.2020 Préstamo en sala

Con tecnología Koha